Datum a čas kvízu
26.5
Celkem bodů
Celkový počet nahraných bodů na tomto kvízu bez doplňovacích otázek.
6.
Pořadí na kvízu
Konečné umístění týmu na tomto kvízu.
Zaznamenané odpovědi
| # | Otázka | Odpověď | Body | Výsledky |
|---|---|---|---|---|
| 1. | Obyvatele jednoho českolipskéh... | velký balvan | 0 | |
| 2. | Státy EU a zástupci Evropského... | D | 0 | |
| 3. | Která česká herečka a zpěvačka... | Jitka Čvančarová | 0 | |
| 4. | Na veletrhu MWC 2026 v Barcelo... | D) „mobil“ pro domácí mazlíčky | 0 | |
| 5. | Americká běžkyně Jessica McCla... | C | 1 | |
| 6. | Vítězné téma facebookového hla... | 1C 2D 3B 4A | 1 | |
| 7. | Která ženská postava běží na k... | Bridget Jones | 0 | |
| 8. | „Celou dobu mi do nosu tekla v... | Tobey Maguire | 0 | |
| 9. | Tento filmový polibek byl insp... | v Helsinkách | 1 | |
| 10. | Jak se jmenují filmové postavy... | Lady a Tramp | 0 |